Outlines of Food Technology (Record no. 3232)

MARC details
000 -LEADER
fixed length control field 00272nam a22001337a 4500
041 ## - LANGUAGE CODE
Language code of text/sound track or separate title ENG
100 ## - MAIN ENTRY--PERSONAL NAME
Personal name Harry.W
245 ## - TITLE STATEMENT
Title Outlines of Food Technology
260 ## - PUBLICATION, DISTRIBUTION, ETC. (IMPRINT)
Place of publication, distribution, etc India
Name of publisher, distributor, etc Agrobios
Date of publication, distribution, etc 2001
300 ## - PHYSICAL DESCRIPTION
Extent 585
650 ## - SUBJECT ADDED ENTRY--TOPICAL TERM
Topical term or geographic name as entry element APE
700 ## - ADDED ENTRY--PERSONAL NAME
Personal name Von Loesecke
856 ## - ELECTRONIC LOCATION AND ACCESS
Uniform Resource Identifier APE

No items available.

Contact Us: College of Agricultural Engineering and Technology, Dapoli, Dist.- Ratnagiri
Website: https://dbskkv.org Email: caetlibrary2015@gmail.com